| 000 | 00707nam a2200181Ia 4500 | ||
|---|---|---|---|
| 003 | GCL | ||
| 008 | 140319s9999 xx 000 0 ara d | ||
| 040 |
_aGCL / _cGCL |
||
| 082 | 0 | 4 |
_a956.462 _bد د |
| 100 | 1 | _aدادريان، واهاكن | |
| 245 | 1 | 0 |
_aدور الاطباء الاتراك فى الطذابح الارمنية اثناء الحرب العالمية الاولى / _cدادريان، واهاكن |
| 700 | 1 | _aالكسندر, كشيشيان | |
| 490 |
_aسلسلة دراسات ووثائق المجاز الارمنية _v0 |
||
| 650 | 0 | 4 | _aالامبراطورية العثمانية |
| 650 | 0 | 4 | _aارمينيا - تاريخ |
| 650 | 0 | 4 | _aابادة الشعوب |
| 942 |
_2ddc _cBK |
||
| 999 |
_c43675 _d43675 |
||